Cultura política en torno a los gobiernos locales y la descentralización en El Salvador /

محفوظ في:
التفاصيل البيبلوغرافية
المؤلف الرئيسي: Córdova Macías, Ricardo
مؤلفون آخرون: Orellana, Víctor Antonio
التنسيق: نص
منشور في: San Salvador: FLACSO. Programa El Salvador
الموضوعات:
الوسوم: إضافة وسم
لا توجد وسوم, كن أول من يضع وسما على هذه التسجيلة!

MARC

LEADER 00000 a a2200000 04500
001 27469
003
040
090 |a 183504  
100 |a Córdova Macías, Ricardo  
245 |a Cultura política en torno a los gobiernos locales y la descentralización en El Salvador /  |c Ricardo Córdova Macías 
260 |a San Salvador:   |b FLACSO. Programa El Salvador  
300 |a xiii, 142; 10; 41 p   |b **no definido**   |b fonodiscos   |b **no definido**  
650 |a GOBIERNO LOCAL  
650 |a DESCENTRALIZACION  
650 |a CULTURA POLITICA  
650 |a GOBIERNO LOCAL  
650 |a OPINION  
650 |a EFICIENCIA  
650 |a GOBIERNO CENTRAL  
650 |a PRESUPUESTO  
650 |a IMPUESTOS  
650 |a SERVICIOS PUBLICOS  
650 |a PARTICIPACION POLITICA  
650 |a DESCENTRALIZACION  
650 |a POLITICOS  
650 |a DEMOCRACIA  
700 |a Orellana, Víctor Antonio  
999 |c 11398  |d 11398